[Event "2024 National Middle School Championship"]
[Site "Atlanta, Georgia, United States"]
[Date "2024.05.10"]
[Round "2.15"]
[White "Zhang, Jason Raychi"]
[Black "Karabulut, Onur"]
[Result "0-1"]
[TimeControl "G/90;d10"]
[WhiteElo "1436"]
[BlackElo "1661"]

1. e4 {[%clk 01:29:56]} {[%emt 00:00:08]} c5 {[%clk 01:30:00]} {[%emt
00:00:06]} 2. Nf3 {[%clk 01:29:56]} {[%emt 00:00:05]} Nc6 {[%clk 01:30:00]}
{[%emt 00:00:06]} 3. d4 {[%clk 01:29:56]} {[%emt 00:00:04]} cxd4 {[%clk
01:30:00]} {[%emt 00:00:07]} 4. Nxd4 {[%clk 01:29:56]} {[%emt 00:00:04]} d6
{[%clk 01:29:56]} {[%emt 00:00:14]} 5. Nc3 {[%clk 01:29:51]} {[%emt 00:00:16]}
g6 {[%clk 01:29:56]} {[%emt 00:00:04]} 6. Be3 {[%clk 01:29:27]} {[%emt
00:00:34]} Bg7 {[%clk 01:29:56]} {[%emt 00:00:07]} 7. Bc4 {[%clk 01:29:19]}
{[%emt 00:00:18]} Nf6 {[%clk 01:29:47]} {[%emt 00:00:19]} 8. Bb3 {[%clk
01:29:07]} {[%emt 00:00:22]} Bd7 {[%clk 01:29:41]} {[%emt 00:00:17]} 9. O-O
{[%clk 01:28:46]} {[%emt 00:00:31]} O-O {[%clk 01:29:41]} {[%emt 00:00:06]} 10.
h3 {[%clk 01:27:58]} {[%emt 00:00:58]} a6 {[%clk 01:29:23]} {[%emt 00:00:29]}
11. f4 {[%clk 01:26:59]} {[%emt 00:01:08]} Qc8 {[%clk 01:28:12]} {[%emt
00:01:21]} 12. a3 {[%clk 01:23:07]} {[%emt 00:04:03]} Nh5 {[%clk 01:27:46]}
{[%emt 00:00:35]} 13. Kh2 {[%clk 01:18:10]} {[%emt 00:05:07]} Nf6 {[%clk
01:26:53]} {[%emt 00:01:03]} 14. Qe1 {[%clk 01:17:31]} {[%emt 00:00:50]} Nxe4
{[%clk 01:25:08]} {[%emt 00:01:54]} 15. Rd1 {[%clk 01:13:54]} {[%emt 00:03:46]}
Nxd4 {[%clk 01:24:34]} {[%emt 00:00:45]} 16. Bxd4 {[%clk 01:13:14]} {[%emt
00:00:50]} Nxc3 {[%clk 01:24:29]} {[%emt 00:00:15]} 17. Bxg7 {[%clk 01:12:06]}
{[%emt 00:01:18]} Kxg7 {[%clk 01:22:48]} {[%emt 00:01:52]} 18. bxc3 {[%clk
01:11:19]} {[%emt 00:00:55]} Be6 {[%clk 01:22:43]} {[%emt 00:00:16]} 19. Qh4
{[%clk 01:07:03]} {[%emt 00:04:26]} Bxb3 {[%clk 01:22:27]} {[%emt 00:00:27]} 20.
cxb3 {[%clk 01:06:55]} {[%emt 00:00:18]} e6 {[%clk 01:21:55]} {[%emt 00:00:42]}
21. c4 {[%clk 01:04:13]} {[%emt 00:02:53]} Qc5 {[%clk 01:21:39]} {[%emt
00:00:24]} 22. f5 {[%clk 01:00:01]} {[%emt 00:04:23]} Qe5+ {[%clk 01:19:47]}
{[%emt 00:02:01]} 23. Kh1 {[%clk 00:59:36]} {[%emt 00:00:36]} exf5 {[%clk
01:19:47]} {[%emt 00:00:08]} 24. Rfe1 {[%clk 00:57:55]} {[%emt 00:01:51]} Qc5
{[%clk 01:18:55]} {[%emt 00:01:00]} 25. Rd5 {[%clk 00:57:10]} {[%emt 00:00:57]}
Qxa3 {[%clk 01:17:49]} {[%emt 00:01:17]} 26. Rxf5 {[%clk 00:56:33]} {[%emt
00:00:47]} Qxb3 {[%clk 01:17:09]} {[%emt 00:00:49]} 27. Ref1 {[%clk 00:51:28]}
{[%emt 00:05:15]} Qc3 {[%clk 01:15:51]} {[%emt 00:01:28]} 28. R5f3 {[%clk
00:48:15]} {[%emt 00:03:23]} Qe5 {[%clk 01:14:45]} {[%emt 00:01:17]} 29. Re1
{[%clk 00:47:20]} {[%emt 00:01:05]} Qc5 {[%clk 01:13:59]} {[%emt 00:00:55]} 30.
Re7 {[%clk 00:46:01]} {[%emt 00:01:30]} Kg8 {[%clk 01:12:44]} {[%emt 00:01:24]}
31. Rf4 {[%clk 00:42:36]} {[%emt 00:03:36]} b5 {[%clk 01:09:53]} {[%emt
00:03:00]} 32. Qh6 {[%clk 00:37:34]} {[%emt 00:05:13]} Qh5 {[%clk 01:08:23]}
{[%emt 00:01:40]} 33. Qxh5 {[%clk 00:36:35]} {[%emt 00:01:09]} gxh5 {[%clk
01:08:23]} {[%emt 00:00:07]} 34. Rd7 {[%clk 00:36:19]} {[%emt 00:00:27]} Rad8
{[%clk 01:08:11]} {[%emt 00:00:21]} 35. Ra7 {[%clk 00:35:50]} {[%emt 00:00:39]}
bxc4 {[%clk 01:08:11]} {[%emt 00:00:10]} 36. Rxc4 {[%clk 00:35:08]} {[%emt
00:00:52]} d5 {[%clk 01:08:11]} {[%emt 00:00:06]} 37. Rd4 {[%clk 00:33:49]}
{[%emt 00:01:29]} Rd6 {[%clk 01:08:11]} {[%emt 00:00:09]} 38. Kh2 {[%clk
00:33:22]} {[%emt 00:00:37]} Rc8 {[%clk 01:08:11]} {[%emt 00:00:10]} 39. Rf4
{[%clk 00:33:06]} {[%emt 00:00:25]} f6 {[%clk 01:07:58]} {[%emt 00:00:23]} 40.
Rh4 {[%clk 00:32:55]} {[%emt 00:00:21]} Rcd8 {[%clk 01:06:59]} {[%emt
00:01:09]} 41. Rxh5 {[%clk 00:31:21]} {[%emt 00:01:42]} R8d7 {[%clk 01:06:59]}
{[%emt 00:00:05]} 42. Ra8+ {[%clk 00:31:17]} {[%emt 00:00:14]} Kg7 {[%clk
01:06:58]} {[%emt 00:00:11]} 43. Rb8 {[%clk 00:30:36]} {[%emt 00:00:52]} d4
{[%clk 01:06:42]} {[%emt 00:00:25]} 44. Rb2 {[%clk 00:30:11]} {[%emt 00:00:35]}
d3 {[%clk 01:06:31]} {[%emt 00:00:22]} 45. Rd2 {[%clk 00:29:32]} {[%emt
00:00:49]} Rc7 {[%clk 01:06:30]} {[%emt 00:00:11]} 46. Rf5 {[%clk 00:29:15]}
{[%emt 00:00:27]} Rc2 {[%clk 01:05:44]} {[%emt 00:00:54]} 47. Rff2 {[%clk
00:28:49]} {[%emt 00:00:37]} Rxd2 {[%clk 01:05:44]} {[%emt 00:00:02]} 48. Rxd2
{[%clk 00:28:49]} {[%emt 00:00:10]} a5 {[%clk 01:05:44]} {[%emt 00:00:07]} 49.
Kg3 {[%clk 00:28:37]} {[%emt 00:00:22]} a4 {[%clk 01:05:44]} {[%emt 00:00:08]}
50. Kf2 {[%clk 00:28:37]} {[%emt 00:00:08]} a3 {[%clk 01:05:34]} {[%emt
00:00:21]} 51. Ke1 {[%clk 00:28:36]} {[%emt 00:00:10]} Rb6 {[%clk 01:04:30]}
{[%emt 00:01:15]} 52. Ra2 {[%clk 00:25:35]} {[%emt 00:03:11]} Rb1+ {[%clk
01:04:30]} {[%emt 00:00:07]} 0-1

[Event "2024 National Middle School Championship"]
[Site "Atlanta, Georgia, United States"]
[Date "2024.05.10"]
[Round "2.16"]
[White "Marshall, Jaylen Jeremiah"]
[Black "Chan, Aiden"]
[Result "1-0"]
[TimeControl "G/90;d10"]
[WhiteElo "1431"]
[BlackElo "1628"]

1. d4 {[%clk 01:30:00]} {[%emt 00:00:02]} d5 {[%clk 01:30:00]} {[%emt
00:00:05]} 2. c4 {[%clk 01:30:00]} {[%emt 00:00:03]} e6 {[%clk 01:30:00]}
{[%emt 00:00:03]} 3. Nc3 {[%clk 01:30:00]} {[%emt 00:00:03]} c5 {[%clk
01:29:59]} {[%emt 00:00:11]} 4. e3 {[%clk 01:28:35]} {[%emt 00:01:35]} Nf6
{[%clk 01:29:37]} {[%emt 00:00:32]} 5. Nf3 {[%clk 01:28:35]} {[%emt 00:00:09]}
Nc6 {[%clk 01:29:37]} {[%emt 00:00:05]} 6. Be2 {[%clk 01:28:16]} {[%emt
00:00:30]} dxc4 {[%clk 01:29:12]} {[%emt 00:00:35]} 7. Bxc4 {[%clk 01:28:16]}
{[%emt 00:00:03]} cxd4 {[%clk 01:29:10]} {[%emt 00:00:13]} 8. Nxd4 {[%clk
01:27:36]} {[%emt 00:00:49]} a6 {[%clk 01:26:10]} {[%emt 00:03:10]} 9. O-O
{[%clk 01:27:29]} {[%emt 00:00:16]} Bd6 {[%clk 01:24:55]} {[%emt 00:01:26]} 10.
Nxc6 {[%clk 01:18:49]} {[%emt 00:08:51]} bxc6 {[%clk 01:24:38]} {[%emt
00:00:26]} 11. h3 {[%clk 01:16:23]} {[%emt 00:02:36]} O-O {[%clk 01:24:31]}
{[%emt 00:00:18]} 12. Qf3 {[%clk 01:13:03]} {[%emt 00:03:29]} Bb7 {[%clk
01:24:10]} {[%emt 00:00:31]} 13. Ne4 {[%clk 01:10:11]} {[%emt 00:03:02]} Nxe4
{[%clk 01:20:25]} {[%emt 00:03:55]} 14. Qxe4 {[%clk 01:10:11]} {[%emt
00:00:04]} Qg5 {[%clk 01:20:02]} {[%emt 00:00:31]} 15. Bd2 {[%clk 00:58:40]}
{[%emt 00:11:43]} Rab8 {[%clk 01:17:38]} {[%emt 00:02:30]} 16. Bc3 {[%clk
00:55:53]} {[%emt 00:03:01]} c5 {[%clk 01:16:35]} {[%emt 00:01:14]} 17. Qg4
{[%clk 00:55:53]} {[%emt 00:00:08]} Qxg4 {[%clk 01:15:02]} {[%emt 00:01:43]} 18.
hxg4 {[%clk 00:55:53]} {[%emt 00:00:02]} Rfd8 {[%clk 01:12:49]} {[%emt
00:02:22]} 19. f3 {[%clk 00:55:45]} {[%emt 00:00:19]} Bg3 {[%clk 01:11:34]}
{[%emt 00:01:24]} 20. e4 {[%clk 00:55:31]} {[%emt 00:00:26]} e5 {[%clk
01:10:24]} {[%emt 00:01:19]} 21. Rfd1 {[%clk 00:54:53]} {[%emt 00:00:49]} g6
{[%clk 01:03:15]} {[%emt 00:07:19]} 22. Ba5 {[%clk 00:54:32]} {[%emt 00:00:30]}
Rd4 {[%clk 01:02:43]} {[%emt 00:00:41]} 23. b3 {[%clk 00:53:53]} {[%emt
00:00:51]} Bc6 {[%clk 00:57:45]} {[%emt 00:05:08]} 24. Bc3 {[%clk 00:53:41]}
{[%emt 00:00:21]} Rxd1+ {[%clk 00:57:43]} {[%emt 00:00:12]} 25. Rxd1 {[%clk
00:53:41]} {[%emt 00:00:07]} Kg7 {[%clk 00:55:12]} {[%emt 00:02:40]} 26. Rd6
{[%clk 00:52:08]} {[%emt 00:01:43]} Bb5 {[%clk 00:55:03]} {[%emt 00:00:20]} 27.
Bxb5 {[%clk 00:46:00]} {[%emt 00:06:17]} axb5 {[%clk 00:49:27]} {[%emt
00:05:46]} 28. Rd5 {[%clk 00:45:40]} {[%emt 00:00:29]} Kf6 {[%clk 00:47:29]}
{[%emt 00:02:08]} 29. Rxc5 {[%clk 00:26:48]} {[%emt 00:19:03]} b4 {[%clk
00:46:06]} {[%emt 00:01:33]} 30. Bd2 {[%clk 00:26:30]} {[%emt 00:00:26]} Rd8
{[%clk 00:45:30]} {[%emt 00:00:48]} 31. Rc2 {[%clk 00:25:25]} {[%emt 00:01:15]}
Rd4 {[%clk 00:40:59]} {[%emt 00:04:40]} 32. Kf1 {[%clk 00:25:23]} {[%emt
00:00:12]} Bf4 {[%clk 00:37:42]} {[%emt 00:03:27]} 33. Bxf4 {[%clk 00:25:21]}
{[%emt 00:00:13]} exf4 {[%clk 00:37:34]} {[%emt 00:00:19]} 34. Ke2 {[%clk
00:25:11]} {[%emt 00:00:19]} Rd6 {[%clk 00:36:56]} {[%emt 00:00:46]} 35. Kf2
{[%clk 00:21:23]} {[%emt 00:04:00]} Ra6 {[%clk 00:36:20]} {[%emt 00:00:44]} 36.
g3 {[%clk 00:21:23]} {[%emt 00:00:04]} fxg3+ {[%clk 00:35:19]} {[%emt
00:01:11]} 37. Kxg3 {[%clk 00:21:23]} {[%emt 00:00:02]} g5 {[%clk 00:33:48]}
{[%emt 00:01:41]} 38. Rc4 {[%clk 00:21:10]} {[%emt 00:00:23]} Rxa2 {[%clk
00:33:38]} {[%emt 00:00:20]} 39. Rxb4 {[%clk 00:21:10]} {[%emt 00:00:02]} Rb2
{[%clk 00:33:34]} {[%emt 00:00:14]} 40. Rb6+ {[%clk 00:21:05]} {[%emt
00:00:16]} Ke5 {[%clk 00:31:59]} {[%emt 00:01:42]} 41. b4 {[%clk 00:20:18]}
{[%emt 00:00:59]} Rb3 {[%clk 00:30:48]} {[%emt 00:01:21]} 42. b5 {[%clk
00:19:42]} {[%emt 00:00:46]} Rb2 {[%clk 00:30:25]} {[%emt 00:00:33]} 43. Rb7
{[%clk 00:19:40]} {[%emt 00:00:11]} f6 {[%clk 00:28:59]} {[%emt 00:01:36]} 44.
b6 {[%clk 00:18:59]} {[%emt 00:00:52]} Kd6 {[%clk 00:28:52]} {[%emt 00:00:16]}
45. Rb8 {[%clk 00:15:12]} {[%emt 00:03:58]} Ke7 {[%clk 00:25:03]} {[%emt
00:03:57]} 46. b7 {[%clk 00:14:51]} {[%emt 00:00:32]} Kf7 {[%clk 00:25:03]}
{[%emt 00:00:07]} 47. Rh8 {[%clk 00:14:47]} {[%emt 00:00:14]} 1-0

[Event "2024 National Middle School Championship"]
[Site "Atlanta, Georgia, United States"]
[Date "2024.05.10"]
[Round "2.17"]
[White "Bates, Dallin"]
[Black "Huang, David"]
[Result "1/2-1/2"]
[TimeControl "G/90;d10"]
[WhiteElo "1252"]
[BlackElo "1396"]

1. e4 {[%clk 01:30:00]} {[%emt 00:00:09]} Nc6 {[%clk 01:30:00]} {[%emt
00:00:08]} 2. d4 {[%clk 01:30:00]} {[%emt 00:00:08]} e5 {[%clk 01:30:00]}
{[%emt 00:00:10]} 3. d5 {[%clk 01:29:44]} {[%emt 00:00:26]} Nce7 {[%clk
01:29:57]} {[%emt 00:00:14]} 4. Nf3 {[%clk 01:29:30]} {[%emt 00:00:23]} Ng6
{[%clk 01:29:57]} {[%emt 00:00:10]} 5. Nc3 {[%emt 00:00:22]} Bc5 {[%clk
01:29:55]} {[%emt 00:00:10]} 6. Be2 {[%clk 01:28:59]} {[%emt 00:00:31]} Nf6
{[%clk 01:29:50]} {[%emt 00:00:15]} 7. Bg5 {[%clk 01:28:59]} {[%emt 00:00:08]}
d6 {[%clk 01:29:48]} {[%emt 00:00:13]} 8. Bb5+ {[%clk 01:28:51]} {[%emt
00:00:17]} Bd7 {[%clk 01:29:11]} {[%emt 00:00:47]} 9. Bxd7+ {[%clk 01:28:35]}
{[%emt 00:00:25]} Qxd7 {[%clk 01:29:09]} {[%emt 00:00:11]} 10. O-O {[%clk
01:27:55]} {[%emt 00:00:50]} h6 {[%clk 01:26:54]} {[%emt 00:02:26]} 11. Bh4
{[%clk 01:25:49]} {[%emt 00:02:16]} Qg4 {[%clk 01:19:52]} {[%emt 00:07:05]} 12.
h3 {[%clk 01:25:26]} {[%emt 00:00:39]} Qd7 {[%clk 01:18:17]} {[%emt 00:01:44]}
13. a3 {[%clk 01:24:25]} {[%emt 00:01:13]} a5 {[%clk 01:18:11]} {[%emt
00:00:15]} 14. Qd3 {[%clk 01:24:17]} {[%emt 00:00:19]} Nh5 {[%clk 01:16:27]}
{[%emt 00:01:50]} 15. Qb5 {[%clk 01:23:27]} {[%emt 00:01:04]} c6 {[%clk
01:15:13]} {[%emt 00:01:24]} 16. Qb3 {[%clk 01:22:52]} {[%emt 00:00:44]} Ngf4
{[%clk 01:14:14]} {[%emt 00:01:09]} 17. dxc6 {[%clk 01:20:17]} {[%emt
00:02:46]} bxc6 {[%clk 01:14:14]} {[%emt 00:00:10]} 18. Na4 {[%clk 01:18:57]}
{[%emt 00:01:30]} Ba7 {[%clk 01:13:00]} {[%emt 00:01:16]} 19. Nb6 {[%clk
01:18:17]} {[%emt 00:00:58]} Bxb6 {[%clk 01:10:50]} {[%emt 00:02:20]} 20. Qxb6
{[%clk 01:18:14]} {[%emt 00:00:13]} g5 {[%clk 01:09:48]} {[%emt 00:01:11]} 21.
Bg3 {[%clk 01:18:00]} {[%emt 00:00:24]} Qc8 {[%clk 01:05:56]} {[%emt 00:03:57]}
22. Rad1 {[%clk 01:16:24]} {[%emt 00:01:51]} Ra6 {[%clk 01:04:05]} {[%emt
00:01:58]} 23. Qe3 {[%clk 01:16:24]} {[%emt 00:00:12]} Ke7 {[%clk 01:01:51]}
{[%emt 00:02:23]} 24. Qd2 {[%clk 01:14:14]} {[%emt 00:02:22]} c5 {[%clk
00:57:24]} {[%emt 00:04:37]} 25. Kh2 {[%clk 01:10:11]} {[%emt 00:04:13]} g4
{[%clk 00:47:15]} {[%emt 00:10:19]} 26. hxg4 {[%clk 01:08:37]} {[%emt
00:01:43]} Qxg4 {[%clk 00:45:58]} {[%emt 00:01:27]} 27. Nh4 {[%clk 01:08:03]}
{[%emt 00:00:45]} Ke6 {[%clk 00:37:07]} {[%emt 00:09:00]} 28. Nf5 {[%clk
01:07:47]} {[%emt 00:00:26]} 1/2-1/2

[Event "2024 National Middle School Championship"]
[Site "Atlanta, Georgia, United States"]
[Date "2024.05.10"]
[Round "2.18"]
[White "Lin, Michelle"]
[Black "Yemeni, Liev"]
[Result "1-0"]
[TimeControl "G/90;d10"]
[WhiteElo "987"]
[BlackElo "1099"]

1. d4 {[%clk 01:30:00]} {[%emt 00:00:01]} d5 {[%clk 01:30:00]} {[%emt
00:00:04]} 2. Nf3 {[%clk 01:30:00]} {[%emt 00:00:03]} Bf5 {[%clk 01:29:49]}
{[%emt 00:00:22]} 3. Bg5 {[%clk 01:30:00]} {[%emt 00:00:10]} Nf6 {[%clk
01:29:23]} {[%emt 00:00:35]} 4. e3 {[%clk 01:30:00]} {[%emt 00:00:09]} Nbd7
{[%clk 01:28:07]} {[%emt 00:01:28]} 5. Bd3 {[%clk 01:29:58]} {[%emt 00:00:12]}
Bg6 {[%clk 01:27:45]} {[%emt 00:00:31]} 6. O-O {[%clk 01:28:52]} {[%emt
00:00:45]} c5 {[%clk 01:26:47]} {[%emt 00:01:39]} 7. c3 {[%clk 01:28:26]}
{[%emt 00:00:36]} Qb6 {[%clk 01:23:50]} {[%emt 00:03:07]} 8. Bxg6 {[%clk
01:26:31]} {[%emt 00:02:02]} hxg6 {[%clk 01:20:06]} {[%emt 00:03:57]} 9. Qc2
{[%clk 01:25:31]} {[%emt 00:01:09]} Ne4 {[%clk 01:19:02]} {[%emt 00:01:15]} 10.
Nbd2 {[%clk 01:24:24]} {[%emt 00:01:17]} Nxg5 {[%clk 01:18:23]} {[%emt
00:00:49]} 11. Nxg5 {[%emt 00:01:18]} Qc7 {[%emt 00:00:46]} 12. g3 {[%clk
01:20:36]} {[%emt 00:01:54]} e6 {[%clk 01:16:38]} {[%emt 00:01:56]} 13. f4
{[%clk 01:17:54]} {[%emt 00:02:51]} Nf6 {[%clk 01:15:12]} {[%emt 00:01:36]} 14.
Ndf3 {[%clk 01:16:01]} {[%emt 00:02:03]} Ng4 {[%clk 01:14:49]} {[%emt
00:00:33]} 15. Ne5 {[%clk 01:13:43]} {[%emt 00:02:27]} Nxe5 {[%clk 01:11:23]}
{[%emt 00:03:37]} 16. fxe5 {[%clk 01:13:19]} {[%emt 00:00:32]} Kd7 {[%clk
00:40:28]} {[%emt 00:31:07]} 17. Rxf7+ {[%clk 01:12:20]} {[%emt 00:01:08]} Be7
{[%clk 00:40:28]} {[%emt 00:00:11]} 18. Qxg6 {[%clk 01:10:33]} {[%emt
00:01:55]} Qb6 {[%clk 00:39:50]} {[%emt 00:00:49]} 19. Rxe7+ {[%clk 01:09:44]}
{[%emt 00:00:58]} Kxe7 {[%clk 00:39:05]} {[%emt 00:00:57]} 20. Qxg7+ {[%clk
01:09:11]} {[%emt 00:00:42]} Ke8 {[%clk 00:37:44]} {[%emt 00:01:32]} 21. Qxh8+
{[%clk 01:08:46]} {[%emt 00:00:34]} Kd7 {[%clk 00:37:44]} {[%emt 00:00:04]} 22.
Qg7+ {[%clk 01:08:44]} {[%emt 00:00:11]} Kc8 {[%clk 00:37:11]} {[%emt
00:00:43]} 23. Qf8+ {[%clk 01:08:09]} {[%emt 00:00:44]} Qd8 {[%clk 00:36:53]}
{[%emt 00:00:28]} 24. Qxd8+ {[%clk 01:07:57]} {[%emt 00:00:20]} Kxd8 {[%clk
00:36:53]} {[%emt 00:00:09]} 25. Nxe6+ {[%clk 01:07:40]} {[%emt 00:00:26]} Ke7
{[%clk 00:36:38]} {[%emt 00:00:27]} 26. Nxc5 {[%clk 01:07:40]} {[%emt
00:00:08]} b6 {[%clk 00:36:22]} {[%emt 00:00:27]} 27. Nd3 {[%clk 01:07:40]}
{[%emt 00:00:05]} Rf8 {[%clk 00:36:01]} {[%emt 00:00:32]} 28. Rf1 {[%clk
01:07:30]} {[%emt 00:00:20]} Rg8 {[%clk 00:35:18]} {[%emt 00:00:53]} 29. Rf6
{[%clk 01:07:00]} {[%emt 00:00:40]} Rd8 {[%clk 00:34:28]} {[%emt 00:01:00]} 30.
Nb4 {[%clk 01:06:46]} {[%emt 00:00:24]} Ke8 {[%clk 00:34:06]} {[%emt 00:00:32]}
31. Rd6 {[%clk 01:06:24]} {[%emt 00:00:32]} Rxd6 {[%clk 00:32:23]} {[%emt
00:01:53]} 32. exd6 {[%clk 01:05:43]} {[%emt 00:00:50]} Kd7 {[%clk 00:31:35]}
{[%emt 00:00:59]} 33. Kf2 {[%clk 01:05:28]} {[%emt 00:00:24]} Kxd6 {[%clk
00:31:09]} {[%emt 00:00:37]} 34. Kf3 {[%clk 01:05:27]} {[%emt 00:00:10]} Ke6
{[%clk 00:31:02]} {[%emt 00:00:18]} 35. Kg4 {[%clk 01:05:22]} {[%emt 00:00:15]}
a5 {[%clk 00:30:56]} {[%emt 00:00:17]} 36. Kg5 {[%clk 01:04:53]} {[%emt
00:00:38]} axb4 {[%clk 00:30:29]} {[%emt 00:00:38]} 37. Kg6 {[%clk 01:04:39]}
{[%emt 00:00:23]} bxc3 {[%clk 00:29:29]} {[%emt 00:01:11]} 38. bxc3 {[%clk
01:04:26]} {[%emt 00:00:21]} b5 {[%clk 00:29:29]} {[%emt 00:00:09]} 39. h4
{[%clk 01:04:16]} {[%emt 00:00:20]} Ke7 {[%clk 00:29:28]} {[%emt 00:00:12]} 40.
Kg7 {[%clk 01:04:00]} {[%emt 00:00:26]} Ke6 {[%clk 00:28:09]} {[%emt 00:01:29]}
41. h5 {[%clk 01:04:00]} {[%emt 00:00:03]} b4 {[%clk 00:27:58]} {[%emt
00:00:21]} 42. cxb4 {[%clk 01:03:55]} {[%emt 00:00:14]} Kf5 {[%clk 00:27:52]}
{[%emt 00:00:18]} 43. h6 {[%clk 01:03:55]} {[%emt 00:00:10]} Ke4 {[%clk
00:27:52]} {[%emt 00:00:06]} 44. h7 {[%clk 01:03:47]} {[%emt 00:00:18]} Kxe3
{[%clk 00:27:35]} {[%emt 00:00:27]} 45. h8=Q {[%emt 00:00:10]} Kxd4 {[%emt
00:00:18]} 46. Kg6+ {[%clk 01:03:24]} {[%emt 00:00:05]} Ke4 {[%clk 00:27:24]}
{[%emt 00:00:21]} 47. b5 {[%clk 01:03:03]} {[%emt 00:00:31]} d4 {[%clk
00:26:27]} {[%emt 00:01:07]} 48. Qxd4+ {[%clk 01:02:55]} {[%emt 00:00:16]} Kxd4
{[%clk 00:26:25]} {[%emt 00:00:14]} 49. Kf5 {[%clk 01:02:55]} {[%emt 00:00:11]}
Kc5 {[%clk 00:26:24]} {[%emt 00:00:11]} 50. g4 {[%clk 01:02:55]} {[%emt
00:00:10]} Kxb5 {[%clk 00:26:19]} {[%emt 00:00:15]} 51. g5 {[%clk 01:02:55]}
{[%emt 00:00:04]} Ka4 {[%clk 00:26:19]} {[%emt 00:00:10]} 52. g6 {[%clk
01:02:48]} {[%emt 00:00:16]} Ka3 {[%clk 00:25:44]} {[%emt 00:00:46]} 53. g7
{[%clk 01:02:21]} {[%emt 00:00:37]} Kxa2 {[%clk 00:25:38]} {[%emt 00:00:16]} 54.
g8=Q+ {[%clk 01:02:21]} {[%emt 00:00:03]} Ka1 {[%clk 00:25:38]} 55. Qb8 {[%clk
01:02:10]} {[%emt 00:00:24]} Ka2 {[%clk 00:25:38]} {[%emt 00:00:04]} 56. Ke4
{[%clk 01:02:10]} {[%emt 00:00:10]} Ka3 {[%clk 00:25:38]} {[%emt 00:00:04]} 57.
Kd4 {[%clk 01:02:00]} {[%emt 00:00:19]} 1-0

[Event "2024 National Middle School Championship"]
[Site "Atlanta, Georgia, United States"]
[Date "2024.05.10"]
[Round "2.19"]
[White "Garcia, Jesus E"]
[Black "Ramireddy, Abhinav"]
[Result "0-1"]
[TimeControl "G/90;d10"]
[WhiteElo "786"]
[BlackElo "897"]

1. e4 {[%clk 01:26:51]} {[%emt 00:20:47]} c5 {[%clk 01:29:56]} 2. d4 {[%clk
01:26:46]} {[%emt 00:00:30]} cxd4 {[%clk 01:29:37]} 3. Qxd4 {[%clk 01:26:35]}
{[%emt 00:00:50]} Nc6 {[%clk 01:29:25]} 4. Qa4 {[%clk 01:26:13]} {[%emt
00:00:53]} g6 {[%emt 00:01:27]} 5. c3 {[%clk 01:26:01]} {[%emt 00:00:20]} Bg7
{[%clk 01:27:41]} {[%emt 00:00:40]} 6. Bb5 {[%clk 01:24:57]} {[%emt 00:01:13]}
e6 {[%clk 01:25:30]} {[%emt 00:02:22]} 7. Bxc6 {[%clk 01:24:17]} {[%emt
00:00:50]} bxc6 {[%clk 01:25:18]} {[%emt 00:00:22]} 8. Ne2 {[%clk 01:23:42]}
{[%emt 00:00:44]} Ne7 {[%clk 01:24:21]} {[%emt 00:01:08]} 9. Be3 {[%clk
01:23:09]} {[%emt 00:00:44]} a5 {[%clk 01:23:51]} {[%emt 00:00:38]} 10. Nd2
{[%clk 01:21:52]} {[%emt 00:01:27]} O-O {[%clk 01:23:14]} {[%emt 00:00:48]} 11.
O-O-O {[%clk 01:20:34]} {[%emt 00:01:28]} Ba6 {[%clk 01:22:41]} {[%emt
00:00:43]} 12. Nd4 {[%emt 00:01:11]} Rb8 {[%emt 00:01:02]} 13. Nc4 {[%clk
01:17:43]} {[%emt 00:00:48]} Bxc4 {[%clk 01:22:16]} {[%emt 00:00:35]} 14. Qxc4
{[%clk 01:17:14]} {[%emt 00:00:37]} Qb6 {[%clk 01:21:56]} {[%emt 00:00:31]} 15.
b3 {[%clk 01:16:47]} {[%emt 00:00:38]} Qb7 {[%clk 01:20:33]} {[%emt 00:01:34]}
16. Bf4 {[%emt 00:01:23]} e5 {[%emt 00:00:37]} 17. Bg5 {[%clk 01:12:26]} {[%emt
00:02:30]} d5 {[%clk 01:19:48]} {[%emt 00:00:55]} 18. exd5 {[%clk 01:10:49]}
{[%emt 00:01:46]} cxd5 {[%clk 01:19:07]} {[%emt 00:00:52]} 19. Qa4 {[%clk
01:10:29]} {[%emt 00:00:30]} exd4 {[%clk 01:18:55]} {[%emt 00:00:22]} 20. Bxe7
{[%clk 01:09:56]} {[%emt 00:00:43]} Qxe7 {[%clk 01:18:46]} {[%emt 00:00:20]} 21.
Rxd4 {[%emt 00:00:31]} Bxd4 {[%emt 00:00:12]} 22. Qxd4 {[%emt 00:00:28]} Qg5+
{[%emt 00:00:35]} 23. Kb2 {[%clk 01:07:03]} {[%emt 00:01:14]} Qxg2 {[%clk
01:18:25]} {[%emt 00:00:33]} 24. Rd1 {[%emt 00:00:17]} a4 {[%emt 00:00:55]} 25.
b4 {[%clk 01:05:06]} {[%emt 00:00:55]} Rbd8 {[%clk 01:16:35]} {[%emt 00:01:59]}
26. h4 {[%clk 01:04:03]} {[%emt 00:01:13]} Rfe8 {[%clk 01:16:07]} {[%emt
00:00:38]} 27. Rd2 {[%clk 01:03:10]} {[%emt 00:01:03]} Qe4 {[%clk 01:14:56]}
{[%emt 00:01:21]} 28. f3 {[%clk 01:01:51]} {[%emt 00:01:29]} Qxf3 {[%clk
01:14:41]} {[%emt 00:00:25]} 29. Rf2 {[%clk 01:00:08]} {[%emt 00:01:54]} Re2+
{[%clk 01:14:34]} {[%emt 00:00:16]} 30. Rxe2 {[%clk 00:59:39]} {[%emt
00:00:39]} Qxe2+ {[%clk 01:14:34]} {[%emt 00:00:02]} 31. Ka3 {[%clk 00:59:13]}
{[%emt 00:00:37]} Qc2 {[%clk 01:14:18]} {[%emt 00:00:23]} 0-1